<?xml version="1.0" encoding="UTF-8"?>
<record
    xmlns:xsi="http://www.w3.org/2001/XMLSchema-instance"
    xsi:schemaLocation="http://www.loc.gov/MARC21/slim http://www.loc.gov/standards/marcxml/schema/MARC21slim.xsd"
    xmlns="http://www.loc.gov/MARC21/slim">

  <leader>00676nam a22002297a 4500</leader>
  <datafield tag="952" ind1=" " ind2=" ">
    <subfield code="0">0</subfield>
    <subfield code="1">0</subfield>
    <subfield code="2">ddc</subfield>
    <subfield code="4">0</subfield>
    <subfield code="7">0</subfield>
    <subfield code="8">NFIC</subfield>
    <subfield code="a">ASL</subfield>
    <subfield code="b">ASL</subfield>
    <subfield code="c">DC</subfield>
    <subfield code="d">2021-02-16</subfield>
    <subfield code="e">Donated by Banglapedia Reference Library</subfield>
    <subfield code="l">0</subfield>
    <subfield code="o">954.92 KAD</subfield>
    <subfield code="p">105919</subfield>
    <subfield code="r">2021-02-16 00:00:00</subfield>
    <subfield code="t">C-1</subfield>
    <subfield code="w">2021-02-16</subfield>
    <subfield code="y">BK</subfield>
  </datafield>
  <datafield tag="999" ind1=" " ind2=" ">
    <subfield code="c">21899</subfield>
    <subfield code="d">21899</subfield>
  </datafield>
  <controlfield tag="003">BDDh-ASL</controlfield>
  <controlfield tag="005">20231015030047.0</controlfield>
  <controlfield tag="008">161208s1996    bg ab||| |||| 001 0 eng |</controlfield>
  <datafield tag="020" ind1=" " ind2=" ">
    <subfield code="a">9845530133</subfield>
  </datafield>
  <datafield tag="040" ind1=" " ind2=" ">
    <subfield code="a">BDDh-ASL</subfield>
    <subfield code="c">BDDh-ASL</subfield>
    <subfield code="d">BDDh-ASL</subfield>
  </datafield>
  <datafield tag="082" ind1=" " ind2=" ">
    <subfield code="a">954.92</subfield>
    <subfield code="b">KAD</subfield>
  </datafield>
  <datafield tag="100" ind1="1" ind2=" ">
    <subfield code="a">Karim, Abdul</subfield>
    <subfield code="9">84</subfield>
  </datafield>
  <datafield tag="245" ind1="1" ind2="0">
    <subfield code="a">Dacca The Mughal Capital/</subfield>
  </datafield>
  <datafield tag="260" ind1=" " ind2=" ">
    <subfield code="a">Dhaka:</subfield>
    <subfield code="b">Dhaka City Museum, </subfield>
    <subfield code="c">1996. </subfield>
  </datafield>
  <datafield tag="300" ind1=" " ind2=" ">
    <subfield code="a">142 p. :</subfield>
    <subfield code="c">22 cm. </subfield>
  </datafield>
  <datafield tag="490" ind1=" " ind2=" ">
    <subfield code="a">Dhaka Study Series</subfield>
    <subfield code="v">No. 13</subfield>
  </datafield>
  <datafield tag="500" ind1=" " ind2=" ">
    <subfield code="a">Includes index.</subfield>
  </datafield>
  <datafield tag="504" ind1=" " ind2=" ">
    <subfield code="a">Includes bibliographical references and index. </subfield>
  </datafield>
  <datafield tag="650" ind1=" " ind2=" ">
    <subfield code="x">Dhaka</subfield>
    <subfield code="z">Bangladesh</subfield>
    <subfield code="9">85</subfield>
  </datafield>
  <datafield tag="651" ind1=" " ind2=" ">
    <subfield code="2">History of Dhaka</subfield>
    <subfield code="a">Dhaka</subfield>
    <subfield code="x">Bangladesh</subfield>
    <subfield code="9">86</subfield>
  </datafield>
  <datafield tag="942" ind1=" " ind2=" ">
    <subfield code="2">ddc</subfield>
    <subfield code="c">BK</subfield>
  </datafield>
</record>
